Monuments historiques de Bretagne - Statistiques

Statistiques générales
  • Ce quiz a été pris 24 fois
  • Le résultat moyen est 4 sur 16
Statistiques - réponses
Par images Réponse % Correct
Alignements de Carnac
70%
Cité de Saint -Malo
70%
Château de Fougères
55%
Marais salants de Guérande
45%
Stade du Moustoir
35%
Tour Tanguy
25%
Viaduc de Morlaix
25%
Château du Taureau
20%
Stade du Roudourou
20%
Phare de l'Île Vierge
15%
Temple de Mars
10%
Cathédrale Saint-Tugdual de Tréguier
5%
Citadelle de Palais
5%
Cité Le Corbusier de Nantes
5%
Port de Gwin Zegal
5%
Porte du Jerzual
5%
Aucun quiz correspondant
Distribution des résultats
% des personnes avec chaque résultat
Percentile par nombre de réponses
Votre historique - résultats
Vous n’avez pas pris ce quiz